|
|
|
|
| LEADER |
00000nam0a2200000 4500 |
| 001 |
128494 |
| 005 |
20250513143314.0 |
| 035 |
|
|
|a (RuTPU)RU\TPU\book\138999
|
| 090 |
|
|
|a 128494
|
| 100 |
|
|
|a 20071228d1975 m y0rusy50 ca
|
| 101 |
0 |
|
|a rus
|
| 102 |
|
|
|a RU
|
| 105 |
|
|
|a a j 000zy
|
| 200 |
1 |
|
|a Фигурное катание на коньках
|e учебник
|f под ред. А. Б. Гандельсмана
|
| 210 |
|
|
|a Москва
|c Физкультура и спорт
|d 1975
|
| 215 |
|
|
|a 183 с.
|c ил.
|
| 333 |
|
|
|a Исключено из фонда НТБ ТПУ
|
| 610 |
1 |
|
|a спорт
|
| 610 |
1 |
|
|a фигурное катание
|
| 610 |
1 |
|
|a развитие
|
| 610 |
1 |
|
|a методика тренировки
|
| 610 |
1 |
|
|a техника
|
| 610 |
1 |
|
|a обучение
|
| 610 |
1 |
|
|a обязательные упражнения
|
| 610 |
1 |
|
|a произвольное катание
|
| 610 |
1 |
|
|a парное катание
|
| 610 |
1 |
|
|a спортивные танцы
|
| 610 |
1 |
|
|a судейство
|
| 610 |
1 |
|
|a коньки
|
| 610 |
1 |
|
|a учебники
|
| 610 |
1 |
|
|a методика
|
| 610 |
1 |
|
|a история
|
| 675 |
|
|
|a 795
|v 3
|
| 702 |
|
1 |
|a Гандельсман
|b А. Б.
|g Александр Борисович
|4 340
|
| 801 |
|
1 |
|a RU
|b 63413507
|c 20071228
|g PSBO
|
| 801 |
|
2 |
|a RU
|b 63413507
|c 20160121
|g RCR
|
| 850 |
|
|
|a 63413507
|
| 942 |
|
|
|c BK
|